00343nam a2200133 a 45000010010000000030011000100080041000210350026000620820016000881000017001042450019001212600052001406500017001920000-9361ELIB.Books110520 1992  a(ELIB.Books)0000-9513 a232.9 bWri aWright, N.T. aWho was Jesus? bGrand Rapids: Wm. B. Eerdmans Publishing c1992 aJesus Christ